000 00681nam a2200229 a 4500
001 BRCA_7955
005 20190320210053.0
008 100314s1970----u--a###f##---#000-0#eng-#
041 _aeng
044 _au
050 4 _aNK4215
_b.J6513
_c1970
100 1 _aJonge, C. H. de
_919635
245 1 0 _aDelft ceramics
_cC. H. de Jonge; tr. by Marie-Christine Hellin.
260 _aNueva York
_bPraeger
_c1970
300 _a168 p.
_bil. a color, 20 láminas
_c26 cm.
500 _a3115
650 1 4 _aCerámica
_vTécnicas regionales
_zAlemania
_919709
650 1 4 _aCerámica
_vMarcas
_zAlemania
_919637
700 1 _aHellin, Marie-Christine
_etr.
_919710
902 _aGFM
942 _2lcc
_cB
999 _c7624
_d7624